Cyclisme: Top 30 du Tour des Flandres 2023 - Statistiques

Statistiques générales
  • Ce quiz a été pris 123 fois
  • Le résultat moyen est 13 sur 30
Statistiques - réponses
Pos Equipe Coureur % Correct
2ème Alpecin-Fenix Mathieu van der Poel
99%
1er UAE Team Emirates Tadej Pogacar
99%
4ème Jumbo-Visma Wout van Aert
98%
3ème Trek-Segafredo Mads Pedersen
91%
6ème Groupama-FDJ Stefan Küng
83%
14ème Jumbo-Visma Christophe Laporte
68%
7ème Soudal Quick-Step Kasper Asgreen
68%
5ème EF Education-EasyPost Neilson Powless
59%
13ème Jumbo-Visma Tiesj Benoot
57%
17ème TotalEnergies Anthony Turgis
52%
9ème Movistar Team Matteo Jorgenson
50%
18ème Uno-X Pro Cycling Team Alexander Kristoff
46%
10ème UAE Team Emirates Matteo Trentin
46%
11ème Jumbo-Visma Nathan Van Hooydonck
42%
19ème Team DSM John Degenkolb
41%
16ème AG2R Citroën Team Benoît Cosnefroy
36%
26ème Trek-Segafredo Jasper Stuyven
33%
20ème BORA-hansgrohe Nils Politt
32%
8ème Bahrain Victorious Fred Wright
31%
12ème Lotto Dstny Florian Vermeersch
30%
30ème Alpecin-Fenix Gianni Vermeersch
30%
21ème Movistar Team Iván García Cortina
29%
15ème UAE Team Emirates Mikkel Bjerg
28%
28ème INEOS Grenadiers Magnus Sheffield
21%
27ème Team Arkea-Samsic Matis Louvel
19%
22ème TotalEnergies Dries Van Gestel
17%
24ème Israel-Premier Tech Sep Vanmarcke
14%
25ème INEOS Grenadiers Jhonnatan Narvaez
11%
23ème Israel-Premier Tech Tom Van Asbroeck
8%
29ème EF Education-EasyPost Jonas Rutsch
3%
Aucun quiz correspondant
Distribution des résultats
% des personnes avec chaque résultat
Percentile par nombre de réponses
Votre historique - résultats
Vous n’avez pas pris ce quiz